Drapeaux du monde aléatoire - Statistiques

Statistiques générales
  • Ce quiz a été pris 163 fois
  • Le résultat moyen est 141 sur 196
Statistiques - réponses
Par images Réponse % Correct
Maroc
90%
Japon
88%
Suisse
88%
Belgique
87%
Corée du Sud
87%
Tunisie
87%
Grèce
86%
Italie
86%
Jamaïque
86%
Allemagne
84%
Australie
84%
Canada
84%
Inde
84%
Irlande
84%
Ukraine
84%
Afrique du Sud
83%
Brésil
83%
Chine
83%
Colombie
83%
Espagne
83%
France
83%
Luxembourg
83%
Mexique
83%
Portugal
83%
Royaume-Uni
83%
Algérie
81%
Arabie Saoudite
81%
Argentine
81%
Etats-Unis
81%
Liban
81%
Monaco
81%
Russie
81%
Suède
81%
Turquie
81%
Viêt Nam
81%
Autriche
80%
Chypre
80%
Cuba
80%
Égypte
80%
Géorgie
80%
Indonésie
80%
Israël
80%
Norvège
80%
Pologne
80%
Qatar
80%
Danemark
78%
Finlande
78%
Islande
78%
Macédoine du Nord
78%
Roumanie
78%
Slovaquie
78%
Thaïlande
78%
Uruguay
78%
Afghanistan
77%
Albanie
77%
Andorre
77%
Côte d'Ivoire
77%
Estonie
77%
Éthiopie
77%
Kosovo
77%
Népal
77%
Singapour
77%
Vatican
77%
Angola
75%
Arménie
75%
Bangladesh
75%
Irak
75%
Nouvelle-Zélande
75%
Pakistan
75%
Pays-Bas
75%
Pérou
75%
République démocratique du Congo
75%
Serbie
75%
Slovénie
75%
Sri Lanka
75%
Bulgarie
74%
Corée du Nord
74%
Costa Rica
74%
Équateur
74%
Honduras
74%
Iran
74%
Madagascar
74%
Malte
74%
Nigeria
74%
Panama
74%
République tchèque
74%
Somalie
74%
Tchad
74%
Bhoutan
72%
Cambodge
72%
Chili
72%
Croatie
72%
Kazakhstan
72%
Laos
72%
Mali
72%
Mongolie
72%
Niger
72%
Philippines
72%
Saint-Marin
72%
Venezuela
72%
Émirats arabes unis
71%
Haïti
71%
Hongrie
71%
Kirghizistan
71%
Lettonie
71%
Liberia
71%
Mauritanie
71%
Moldavie
71%
Monténégro
71%
Papouasie-Nouvelle- Guinée
71%
Soudan
71%
Syrie
71%
Turkménistan
71%
Azerbaïdjan
70%
Barbade
70%
Bosnie-Herzégovine
70%
Cameroun
70%
Fidji
70%
Gabon
70%
Guatemala
70%
Libye
70%
Ouzbékistan
70%
Taïwan
70%
Bahreïn
68%
Biélorussie
68%
Burkina Faso
68%
Jordanie
68%
Kenya
68%
Lesotho
68%
Lituanie
68%
Malaisie
68%
Maldives
68%
Palaos
68%
Paraguay
68%
Sénégal
68%
Seychelles
68%
Tadjikistan
68%
Yémen
68%
Zambie
68%
Bahamas
67%
Birmanie
67%
Cap-Vert
67%
Liechtenstein
67%
Ouganda
67%
République Centrafricaine
67%
Sainte-Lucie
67%
Togo
67%
Belize
65%
Botswana
65%
Burundi
65%
Comores
65%
Eswatini
65%
Koweït
65%
Oman
65%
République dominicaine
65%
Salvador
65%
Tonga
65%
Antigua-et-Barbuda
64%
Brunei
64%
Grenade
64%
Mozambique
64%
Nicaragua
64%
République du Congo
64%
Rwanda
64%
Saint-Vincent-et-les- Grenadines
64%
Trinité-et-Tobago
64%
Zimbabwe
64%
Bénin
62%
Dominique
62%
Érythrée
62%
Ghana
62%
Soudan du Sud
62%
Bolivie
61%
Djibouti
61%
Guinée
61%
Guyana
61%
Kiribati
61%
Nauru
61%
Suriname
61%
Malawi
59%
Micronésie
59%
Namibie
59%
Tanzanie
59%
Île Maurice
58%
Îles Marshall
58%
Sierra Leone
58%
Guinée-Bissau
57%
Samoa
57%
Timor oriental
57%
Tuvalu
57%
Saint-Christophe- et-Niévès
55%
Vanuatu
55%
Gambie
54%
Sao Tomé-et-Principe
54%
Guinée équatoriale
52%
Salomon
51%
Aucun quiz correspondant
Distribution des résultats
% des personnes avec chaque résultat
Percentile par nombre de réponses
Votre historique - résultats
Vous n’avez pas pris ce quiz